NFL Top 100 Players of 2011 - Statistics

General Stats
  • This quiz has been taken 121 times
  • The average score is 42 of 100
Answer Stats
Rank Team Position Answer % Correct
1. Patriots QB Tom Brady
100%
2. Colts QB Peyton Manning
99%
11. Packers QB Aaron Rodgers
94%
3. Vikings RB Adrian Peterson
90%
4. Ravens LB Ray Lewis
90%
9. Saints QB Drew Brees
89%
7. Texans WR Andre Johnson
86%
13. Titans RB Chris Johnson
86%
27. Lions WR Calvin Johnson
85%
6. Steelers S Troy Polamalu
82%
5. Ravens S Ed Reed
80%
14. Cardinals WR Larry Fitzgerald
76%
8. Jets CB Darrelle Revis
73%
52. Falcons QB Matt Ryan
73%
26. Chargers QB Philip Rivers
71%
29. Eagles WR DeSean Jackson
67%
22. Chargers TE Antonio Gates
66%
41. Steelers QB Ben Roethlisberger
66%
16. Packers CB Charles Woodson
66%
38. Rams RB Steven Jackson
66%
36. Cowboys TE Jason Witten
65%
43. Browns OT Joe Thomas
65%
20. Eagles QB Michael Vick
65%
46. Falcons TE Tony Gonzalez
65%
21. Steelers LB James Harrison
63%
31. Colts WR Reggie Wayne
61%
33. Chiefs RB Jamaal Charles
59%
30. Jaguars RB Maurice Jones-Drew
59%
24. Falcons WR Roddy White
59%
19. Packers LB Clay Matthews
58%
50. Patriots WR Wes Welker
58%
51. Lions DT Ndamukong Suh
57%
61. Dolphins WR Brandon Marshall
56%
23. 49ers LB Patrick Willis
56%
12. Cowboys LB DeMarcus Ware
53%
10. Bears DE Julius Peppers
53%
40. Ravens LB Terrell Suggs
53%
49. Bears LB Brian Urlacher
52%
72. Cowboys QB Tony Romo
52%
25. Texans RB Arian Foster
49%
15. Colts DE Dwight Freeney
49%
35. Patriots DT Vince Wilfork
48%
17. Ravens DT Haloti Ngata
47%
90. Ravens QB Joe Flacco
47%
56. Ravens RB Ray Rice
47%
53. Saints WR Marques Colston
46%
88. 49ers TE Vernon Davis
46%
80. Vikings DE Jared Allen
43%
100. Redskins QB Donovan McNabb
42%
48. Broncos CB Champ Bailey
41%
86. Buccaneers QB Josh Freeman
41%
71. Texans DE Mario Williams
41%
83. Buccaneers WR Mike Williams
39%
47. Jets C Nick Mangold
39%
94. 49ers RB Frank Gore
37%
45. Chiefs WR Dwayne Bowe
35%
44. Colts DE Robert Mathis
35%
59. Colts C Jeff Saturday
34%
42. Falcons RB Michael Turner
34%
63. Dolphins DE Cameron Wake
33%
34. Saints OG Jahri Evans
33%
74. Packers WR Greg Jennings
32%
28. Dolphins OT Jake Long
32%
32. Bears WR Devin Hester
30%
60. Giants DE Justin Tuck
30%
78. Colts TE Dallas Clark
28%
18. Raiders CB Nnamdi Asomugha
28%
93. Chiefs S Eric Berry
27%
64. Chiefs DE Tamba Hali
25%
91. Bengals WR Terrell Owens
25%
81. Packers DT B.J. Raji
24%
62. Patriots LB Jerod Mayo
22%
39. Patriots OG Logan Mankins
22%
70. Cowboys WR Miles Austin
22%
98. Raiders RB Darren McFadden
20%
76. Jets WR Santonio Holmes
20%
96. Packers S Nick Collins
18%
54. Eagles CB Asante Samuel
16%
79. Jets OT D'Brickashaw Ferguson
15%
92. Bears LB Lance Briggs
15%
58. Broncos WR Brandon Lloyd
14%
37. Saints LB Jonathan Vilma
14%
65. Texans FB Vonta Leach
14%
89. Cardinals S Adrian Wilson
11%
55. Saints OG Carl Nicks
11%
69. Falcons DE John Abraham
11%
68. Giants S Antrel Rolle
10%
73. Eagles DE Trent Cole
10%
84. Browns WR Josh Cribbs
9%
82. Steelers LB LaMarr Woodley
9%
66. Raiders DT Richard Seymour
8%
77. Giants OG Chris Snee
5%
87. Panthers OT Jordan Gross
5%
57. Cowboys C Andre Gurode
4%
67. Chiefs OG Brian Waters
4%
75. Cowboys DT Jay Ratliff
4%
85. Titans DE Jason Babin
3%
95. Panthers LB Jon Beason
3%
97. Chargers LB Shaun Phillips
3%
99. Packers OT Chad Clifton
1%
No matching quizzes found
Score Distribution
Percent of People with Each Score
Percentile by Number Answered
Your Score History
You have not taken this quiz